000 00976nam a2200205Ia 4500
999 _c39358
_d39358
003 OSt
005 20201020113827.0
008 160316s1949 xxu||||| |||| 00| 0 eng d
040 _cnls
082 _a341.650000
_bGEN-3
100 _a
245 _aGeneva conventions of August 12 1949
260 _aGeneva
_bI C R C
_c1949
300 _a245p
365 _bGratis
505 _antents: Geneva Convention for the Amelioration of the Condition of the Wounded and Sick in Armed Forces in the Field of 12 August 1949 -- Geneva Convention for the Amelioration of the Condition of Wounded, Sick and Shipwrecked Members of Armed Forces at Sea of 12 August 1949 -- Geneva Convention Relative to the Treatment of Prisoners of War of 12 August 1949 -- Geneva Convention Relative to the Protection of Civilian Persons in Time of War of 12 August 1949.
650 _a1. Geneva Conventions - 1949 - Protocols - August 12 2. Humanitarian Law
700 _a
_a
942 _2ddc
_cBK